000 00570nam a22002297a 4500
003 BR-BrBNA
005 20231219140211.0
008 231219b bl.||||| |||| 00| 0 por d
020 _a9788581270395
040 _aBR-BrBNA
_bpor
041 _apor
072 _aE70
100 _aGuimarães, Rubens José.
245 _aCafé na UFLA:
_bresgate histórico /
260 _aLavras:
_bEd UFLA,
_c2015.
300 _a219 p.
650 _aCAFEICULTURA
650 _aHISTÓRIA DO BRASIL
909 _a12/2023
_bSarah
942 _cBK
999 _c260110
_d260110